The treasured thief / (Record no. 79142)
[ view plain ]
| 000 -LEADER | |
|---|---|
| fixed length control field | 00735nam a22002177a 4500 |
| 005 - DATE AND TIME OF LATEST TRANSACTION | |
| control field | 20131216150935.0 |
| 010 ## - LCCN (DPL NO) | |
| LC control number | B-522371-382 |
| 020 ## - INTERNATIONAL STANDARD BOOK NUMBER | |
| International Standard Book Number | 9789380028927 |
| Terms of availability | 195.00 |
| 035 ## - SYSTEM CONTROL NUMBER | |
| System control number | B-522371-382 |
| 037 ## - SOURCE OF ACQUISITION | |
| Source of stock number/acquisition | BBB/Ven. |
| Stock number | dpl |
| 082 ## - DEWEY DECIMAL CLASSIFICATION NUMBER | |
| Classification number | S |
| 100 ## - MAIN ENTRY--PERSONAL NAME | |
| Personal name | Foley, Ryan |
| 245 ## - TITLE STATEMENT | |
| Title | The treasured thief / |
| Statement of responsibility, etc | by Ryan Foley; edited by Aswathy Senan; illustrated by Sachin Nagar |
| 260 ## - PUBLICATION, DISTRIBUTION, ETC. (IMPRINT) | |
| Place of publication, distribution, etc | New Delhi |
| Name of publisher, distributor, etc | Kalyani Navyug Media |
| Date of publication, distribution, etc | 2011 |
| 270 ## - ADDRESS | |
| Address | 101 C, Shiv House, Hari Nagar Ashram |
| City | New Delhi |
| Postal code | 110014 |
| 300 ## - PHYSICAL DESCRIPTION | |
| Extent | 60p. : |
| Dimensions | 24cm(pbk) |
| Other physical details | col.ill. |
| 700 ## - ADDED ENTRY--PERSONAL NAME | |
| Personal name | Senan, Aswathy |
| 700 ## - ADDED ENTRY--PERSONAL NAME | |
| Personal name | Nagar, Sachin |
| 942 ## - ADDED ENTRY ELEMENTS (KOHA) | |
| Source of classification or shelving scheme | Dewey Decimal Classification |
| Item type | Children Books |
| Call number suffix | FOL |
| Classification part | S |
| Withdrawn status | Lost status | Not for loan | Collection code | Home library | Current library | Date acquired | Source of acquisition | Cost, normal purchase price | Full call number | Barcode | Copy number | Cost, replacement price | Koha item type |
|---|---|---|---|---|---|---|---|---|---|---|---|---|---|
| Fiction | Bagh Kadhe Khan | Bagh Kadhe Khan | 16/12/2013 | BBB/IN10452/28.03.2013/202/20.03.2013/28.03.2013 | 195.00 | S FOL | B-522380 | 1 | 195.00 | Children Books | |||
| Fiction | Bawana | Bawana | 16/12/2013 | BBB/IN10452/28.03.2013/202/20.03.2013/28.03.2013 | 195.00 | S FOL | B-522378 | 1 | 195.00 | Children Books | |||
| Fiction | Bawana | Bawana | 16/12/2013 | BBB/IN10452/28.03.2013/202/20.03.2013/28.03.2013 | 195.00 | S FOL | B-522382 | 1 | 195.00 | Children Books | |||
| Fiction | Central Jail Tihar | Central Jail Tihar | 16/12/2013 | BBB/IN10452/28.03.2013/202/20.03.2013/28.03.2013 | 195.00 | S FOL | B-522375 | 1 | 195.00 | Children Books | |||
| Fiction | Central Library | Central Library | 16/12/2013 | BBB/IN10452/28.03.2013/202/20.03.2013/28.03.2013 | 195.00 | S FOL | B-522371 | 1 | 195.00 | Children Books | |||
| Written-off vide DLB M. No. 383 dt 16.05.19 | Fiction | Diz Area | Diz Area | 16/12/2013 | BBB/IN10452/28.03.2013/202/20.03.2013/28.03.2013 | 195.00 | S FOL | B-522376 | 1 | 195.00 | Children Books | ||
| Fiction | Janak Puri | Janak Puri | 16/12/2013 | BBB/IN10452/28.03.2013/202/20.03.2013/28.03.2013 | 195.00 | S FOL | B-522377 | 1 | 195.00 | Children Books | |||
| Fiction | Kasturba Gandhi Marg | Kasturba Gandhi Marg | 16/12/2013 | BBB/IN10452/28.03.2013/202/20.03.2013/28.03.2013 | 195.00 | S FOL | B-522373 | 1 | 195.00 | Children Books | |||
| Written-off vide DLB M. No. 383 dt 16.05.19 | Fiction | Narela | Narela | 16/12/2013 | BBB/IN10452/28.03.2013/202/20.03.2013/28.03.2013 | 195.00 | S FOL | B-522381 | 1 | 195.00 | Children Books | ||
| Written-off vide DLB M. No. 383 dt 16.05.19 | Fiction | New Rohtak Road | New Rohtak Road | 16/12/2013 | BBB/IN10452/28.03.2013/202/20.03.2013/28.03.2013 | 195.00 | S FOL | B-522379 | 1 | 195.00 | Children Books | ||
| Written-off vide DLB M. No. 383 dt 16.05.19 | Fiction | Patel Nagar | Patel Nagar | 16/12/2013 | BBB/IN10452/28.03.2013/202/20.03.2013/28.03.2013 | 195.00 | S FOL | B-522372 | 1 | 195.00 | Children Books | ||
| Fiction | Peshwa Road | Peshwa Road | 16/12/2013 | BBB/IN10452/28.03.2013/202/20.03.2013/28.03.2013 | 195.00 | S FOL | B-522374 | 1 | 195.00 | Children Books |
